Bible General Knowledge #4 - Statistics

General Stats
  • This quiz has been taken 36 times
    35 since last reset
  • The average score is 10 of 20
Answer Stats
Hint Answer % Correct
Who said 'Let my people go' to the Egyptians? Moses
88%
What does Ash Wednesday mark the beginning of? Lent
79%
In what modern-day country was Persia located in? Iran
76%
What did the Israelites eat while wandering in the desert? Manna
71%
Name the two people in the Bible to ascend to Heaven without dying Elijah
65%
What Christian actor/movie director is known for making 'Passion of Christ'? Mel Gibson
59%
Finish this analogy: Jesus is to Bethlehem as ______ is to Ur Abraham
56%
Which Bible character traded his birthright for a bowl of soup? Esau
53%
Where was Paul travelling to before he was blinded? Damascus
44%
Who is commonly known as the 'First Martyr'? Stephen
44%
What chapter of Psalms is the longest chapter of the Bible? 119
41%
And what physical characteristic was he known for? Being {hairy}
41%
In what 'animal' form does Satan appear as in Revelations? Dragon
41%
Name the two people in the Bible to ascend to Heaven without dying Enoch
38%
What is the first fruit of the Spirit? Love
38%
On what mountain did Jesus preach the Sermon on the Mount? Mount of Olives
38%
Where were the rivers Pishon, Gihon, Tigris and Euphrates flow out of? the Garden of Eden
32%
Who was chosen to replace Judas as a disciple? Matthias
29%
What was Paul's occupation? Tentmaker
29%
Who was the youngest King of Judah? Joash
6%
No matching quizzes found
Score Distribution
Percent of People with Each Score
Percentile by Number Answered
Your Score History
You have not taken this quiz since the last reset